Systém ARIS - vývojové trendy bakalárska práca

Salvato in:
Dettagli Bibliografici
Autore principale: Kuliffay, Peter
Ente Autore: Fakulta hospodárskej informatiky EU. Katedra aplikovanej informatiky
Altri autori: Stašák, Jozef
Natura: Libro
Lingua:slovacco
Pubblicazione: Bratislava 2009
Tags: Aggiungi Tag
Nessun Tag, puoi essere il primo ad aggiungerne!!

MARC

LEADER 00000nam$a2200000$$$4500
001 0103798
005 20240319122953.9
041 0 |a slo 
044 |a SK 
245 1 0 |a Systém ARIS - vývojové trendy  |b bakalárska práca  |c Peter Kuliffay ; škol. Jozef Stašák 
264 1 |a Bratislava  |c 2009 
300 |a 27 s. 
100 1 |a Kuliffay, Peter 
700 1 |a Stašák, Jozef 
710 2 |a Fakulta hospodárskej informatiky EU. Katedra aplikovanej informatiky